Lenguaje de los pájaros chilenos : avifauna folklórica /
Saved in:
| Main Author: | |
|---|---|
| Format: | Book |
| Language: | Spanish |
| Published: |
Santiago :
Editorial Nascimento,
1976.
|
| Subjects: | |
| Tags: |
Add Tag
No Tags, Be the first to tag this record!
|
| LEADER | 00751cam a2200253 i 4500 | ||
|---|---|---|---|
| 001 | 000282935-5 | ||
| 005 | 20090712073352.0 | ||
| 008 | 770706s1976 cl b 00110 spam | ||
| 010 | |a 77464046 //r852 | ||
| 035 | 0 | |a ocm02841315 | |
| 040 | |a DLC |c DLC |d m.c. |d TOZ | ||
| 043 | |a s-cl--- | ||
| 050 | 0 | |a QL689.C5 |b M83 | |
| 100 | 1 | |a Plath, Oreste, |d 1907- | |
| 245 | 1 | 0 | |a Lenguaje de los pájaros chilenos : |b avifauna folklórica / |c Oreste Plath [i.e. O. Müller Leiva]. |
| 260 | 0 | |a Santiago : |b Editorial Nascimento, |c 1976. | |
| 300 | |a 223 p. ; |c 19 cm. | ||
| 500 | |a Includes index. | ||
| 504 | |a Bibliography: p. 221-223. | ||
| 650 | 0 | |a Birdsongs |z Chile. | |
| 650 | 0 | |a Birds |z Chile |x Folklore. | |
| 650 | 0 | |a Birds |z Chile. | |
| 988 | |a 20020608 | ||
| 906 | |0 DLC | ||


